| 000 | 00467nam a22001937a 4500 | ||
|---|---|---|---|
| 003 | LK-CoDNM | ||
| 005 | 20250107104245.0 | ||
| 008 | 250107b |||||||| |||| 00| 0 eng d | ||
| 040 |
_aLK-CoDNM _dLK-CoDNM _eLK-CoDNM |
||
| 041 | _aeng | ||
| 080 |
_a4 _bJ7 |
||
| 100 | _aAngel F | ||
| 245 |
_aMemoires de L'academie Malgache _bFascicule xxxvi |
||
| 260 | _c1942 | ||
| 300 | _a193p. : ill ; 32 cm | ||
| 650 | _ascience | ||
| 650 | _aanimal | ||
| 942 | _cBK | ||
| 999 |
_c235202 _d235202 |
||